Rešenije algebraičeskich uravlenij metodom Lobačevskego /

Enregistré dans:
Détails bibliographiques
Auteur principal: Belanov, Aleksandr Andrejevič (Auteur)
Format: Livre
Langue:russe
Publié: Moskva : Nauka, 1989
Tags: Ajouter un tag
Pas de tags, Soyez le premier à ajouter un tag!

MARC

LEADER 00000nam a22000003a 4500
001 stu3234
005 20150617225616.7
008 930303s1989----xxr-----------------rus-d
040 |a STU  |b slo 
041 0 |a rus 
044 |a xxr 
080 |a 519.61 
100 1 |a Belanov, Aleksandr Andrejevič  |4 aut 
245 1 |a Rešenije algebraičeskich uravlenij metodom Lobačevskego /  |c [aut.] Belanov,A.A 
260 |a Moskva :  |b Nauka,  |c 1989 
300 |a 95 s 
996 |b E67712  |c E*67712  |l EE03  |s P  |a 0  |w stu3234_0001 
996 |b E67713  |c E*67713  |l EE03  |s P  |a 0  |w stu3234_0002